History of Kabirpanth: (Record no. 20797)

MARC details
000 -LEADER
fixed length control field 00958cam a22002534a 4500
005 - DATE AND TIME OF LATEST TRANSACTION
control field 20081105190238.0
008 - FIXED-LENGTH DATA ELEMENTS--GENERAL INFORMATION
fixed length control field 080605s2008 cauab b 001 0 eng
010 ## - LCCN (DPL NO)
LC control number ENG-92432
020 ## - INTERNATIONAL STANDARD BOOK NUMBER
International Standard Book Number 9788175791824
Terms of availability 500.00
035 ## - SYSTEM CONTROL NUMBER
System control number EN-75965
037 ## - SOURCE OF ACQUISITION
Source of stock number/acquisition DBAD / PUB
040 ## - CATALOGING SOURCE
Original cataloging agency dpl
Language of cataloging English
082 ## - DEWEY DECIMAL CLASSIFICATION NUMBER
Classification number 230.564
100 ## - MAIN ENTRY--PERSONAL NAME
Personal name Purnendu Ranjan
245 ## - TITLE STATEMENT
Title History of Kabirpanth:
Remainder of title a regional process /
Statement of responsibility, etc by Purnendu Ranjan
260 ## - PUBLICATION, DISTRIBUTION, ETC. (IMPRINT)
Place of publication, distribution, etc New Delhi
Name of publisher, distributor, etc Anamika Publishers
Date of publication, distribution, etc 2008
270 ## - ADDRESS
Address 4697/3, 21A, Ansar Road, Daryaganj,
City New Delhi
Postal code 110002
300 ## - PHYSICAL DESCRIPTION
Extent 285p.
Dimensions 23 cm (Hb)
500 ## - GENERAL NOTE
General note Includes bibliographical references and index.
600 ## - SUBJECT ADDED ENTRY--PERSONAL NAME
Personal name Kabir, 15th cent.
650 ## - SUBJECT ADDED ENTRY--TOPICAL TERM
Topical term or geographic name as entry element Kabīrpanthīs
General subdivision History.
942 ## - ADDED ENTRY ELEMENTS (KOHA)
Source of classification or shelving scheme Dewey Decimal Classification
Item type English Books
Call number suffix PUR
Classification part 230.564
Holdings
Withdrawn status Lost status Source of classification or shelving scheme Damaged status Not for loan Collection code Home library Current library Date acquired Source of acquisition Cost, normal purchase price Total Checkouts Full call number Barcode Date last seen Copy number Cost, replacement price Koha item type
    Dewey Decimal Classification   Not For Loan Non-fiction D.B.Act.Division D.B.Act.Division 09/01/2009 DBAB / PUB 500.00   230.564 PUR EN-75965 09/01/2009 1 500.00 English Books

© Delhi Public Library
Hit Counter
free hit counter